00945 a2200217 4500001000700000020001800007040003200025100001800057245006000075250001300135260001300148300004500161362000900206490002600215520039100241650001200632650002100644650002500665650001600690650002100706123277 a9781907184772 cEscola Canadense de Niteroi aMason, Antony10aKings and queens of great britain a very peculiar story a1st. ed. aBrighton a177 p.c9 x 0.8 x 6.1 inches (hardcover)0 a20140 aVery peculiar history aWhich kings guards massacred his supporters by mistake? Who had an oversized tongue and slobbered when he ate? Who survived seven assassination attempts? It wasnt all thrones and scepters for British monarchs. Some were batty, others vicious, and some became much-loved icons. Meet these rulers, discover their bizarre habits, and enjoy quirky stories, fascinating facts, and fun lists. 4aRoyalty 4aEuropean History 4aJuvenile Literature  4aNon-Fiction 4aKings and Queens